| Tag |
First Indicator |
Second Indicator |
Subfields |
| LEADER |
00000cam a2200000 a 4500 |
| 001 |
in00000634530 |
| 005 |
20151015052750.0 |
| 008 |
800429s1979 enka b 00110 engmd |
| 020 |
|
|
|a 0855014563
|
| 035 |
|
|
|a (OCoLC)06260085
|
| 035 |
|
|
|9 ACU2897AM
|
| 040 |
|
|
|a DEC
|c DEC
|d TXA
|d UtOrBLW
|
| 049 |
|
|
|a TXAM
|c [1329049]
|
| 090 |
|
|
|a QC760
|b .R6
|
| 100 |
1 |
|
|a Rossiter, V.
|q (Val)
|
| 245 |
1 |
0 |
|a Electromagnetism /
|c V. Rossiter.
|
| 264 |
|
1 |
|a London ;
|a Philadelphia :
|b Heyden, c1979.
|c [date of publication not identified]
|
| 300 |
|
|
|a xi 168 pages :
|b illustrations ; 24 cm.
|
| 336 |
|
|
|a text
|b txt
|2 rdacontent
|
| 337 |
|
|
|a unmediated
|b n
|2 rdamedia
|
| 338 |
|
|
|a volume
|b nc
|2 rdacarrier
|
| 500 |
|
|
|a Includes index.
|
| 504 |
|
|
|a Bibliography: pages 147-148.
|
| 650 |
|
0 |
|a Electromagnetism.
|
| 999 |
|
|
|a MARS
|
| 999 |
f |
f |
|s 297b3216-a9b9-3fc2-9c31-3ebe22b2d396
|i 9549142b-0143-3436-9802-5468a71df20e
|t 0
|
| 952 |
f |
f |
|p normal
|a Texas A&M University
|b College Station
|c Sterling C. Evans Library
|d Evans: Library Stacks
|t 0
|e QC760 .R6
|h Library of Congress classification
|i unmediated -- volume
|m A14804645493
|
| 998 |
f |
f |
|a QC760 .R6
|t 0
|l Evans: Library Stacks
|